Diagnóstico de nuestro tiempo
Salvato in:
| Autore principale: | |
|---|---|
| Natura: | Libro |
| Lingua: | spagnolo |
| Pubblicazione: |
Ciudad de México
Fondo de Cultura Económica
1961
|
| Edizione: | 4a. ed |
| Serie: | Colección Popular, 9
|
| Soggetti: | |
| Tags: |
Aggiungi Tag
Nessun Tag, puoi essere il primo ad aggiungerne!!
|
MARC
| LEADER | 00000nam a2200000 a 4500 | ||
|---|---|---|---|
| 001 | UCY4654 | ||
| 003 | CL-VaPUC | ||
| 008 | 950323e19610000MX |||||||||||||||||spa|d | ||
| 082 | 0 | 4 | |a 301 |b MAN |2 21 |
| 100 | |a Mannheim, Karl |e autor |9 256899 | ||
| 245 | 1 | 0 | |a Diagnóstico de nuestro tiempo |
| 250 | |a 4a. ed | ||
| 300 | |a 232 p | ||
| 942 | |c BK | ||
| 945 | |d 19950323 00:00:00 |a rbrito | ||
| 260 | |a Ciudad de México |b Fondo de Cultura Económica |c 1961 | ||
| 650 | 0 | |a Sociología |9 255410 | |
| 583 | |a last modification |c 19950323 00:00:00 |k Rodrigo Vera | ||
| 490 | 0 | |a Colección Popular, 9 | |
| 999 | |c 232441 |d 232439 | ||
| 952 | |0 0 |1 0 |4 0 |6 301_000000000000000_MAN_1961 |7 0 |8 P |9 236834 |a BIBEDU |b BIBEDU |c BIBEDU_PB |d 2019-11-15 |i 3068528 |o 301 MAN 1961 |p 3068528 |r 2024-01-25 |w 2019-11-15 |y BK |k EDU | ||
| 952 | |0 0 |1 0 |4 0 |6 301_000000000000000_MAN_1961 |7 0 |8 P |9 236835 |a BIBEDU |b BIBEDU |c BIBEDU_PB |d 2019-11-15 |i 3172791 |o 301 MAN 1961 |p 3172791 |r 2024-01-25 |w 2019-11-15 |y BK |k FIL | ||
| 952 | |0 0 |1 0 |4 0 |6 301_000000000000000_MAN_1961 |7 0 |8 A |9 236836 |a BIBENE |b BIBENE |d 2019-11-15 |i 3265145 |o 301 MAN 1961 |p 3265145 |r 2025-01-15 |w 2019-11-15 |y BK |k ICO | ||
| 952 | |0 0 |1 0 |4 0 |6 301_000000000000000_MAN_1961 |7 0 |8 A |9 236837 |a BIBENE |b BIBENE |d 2019-11-15 |i 3371271 |o 301 MAN 1961 |p 3371271 |r 2025-01-15 |w 2019-11-15 |y BK |k ICO | ||